Normal view
MARC view
Entry Personal Name
001 - CONTROL NUMBER
- control field: 49168
003 - CONTROL NUMBER IDENTIFIER
- control field: OSt
005 - DATE AND TIME OF LATEST TRANSACTION
- control field: 20160331122658.0
008 - FIXED-LENGTH DATA ELEMENTS
- fixed length control field: 160331|| aca||aabn | a|a d
040 ## - CATALOGING SOURCE
- Original cataloging agency: OSt
- Transcribing agency: OSt
100 ## - HEADING--PERSONAL NAME
- Personal name: ओरियाना फलासी
670 ## - SOURCE DATA FOUND
- Source citation: Work cat.: (OSt)41645: ओरियाना फलासी , एक खत अजन्मे बच्चे के नाम, 2006









